01017nam a2200157 i 4500001000700000003000900007005001700016008004100033040002000074100003800094245007100132250009900203260008500302300008600387852038600473156706ES-MaACL20251015063140.0991104m18831884fr |||| | fre d aEUS bspa cEUS1 aLa Fontaine, Jean de, d1621-169510aOeuvres de J. de la Fontaine b: tome premier [-tome troisième]. aNouvelle édition brevue... et augmentée de variantes, de notices... par M. Henri Regnier. aParis : bLibrairie Hachette et C\pie\s..., c1883-1884 (fImprimerie A. Lahure) a3 v. ([3] h., [7], CCXXIV, 471 p.; [3], [III], 524 p.; [3] h., 429 p.) ; c23 cm. aES-MaACLjF-6832-6842 z-- Enc. hol. y t.IX enc. pasta española x-- Edic.: 1883-1992 -- 11 v. -- T.I (1883), T.II (1884), T.III (1885), T.IV (1887) (III, 580 p.), T.V (1889) (628 p.), T.VI (1890) (374 p.), T.VII (1891) (628 p.), T.VIII (1892) (511 p.), T.IX (1892) (531 p.), T.X (1892) (CLXVII, 499 p.), T.XI (1892) (462 p.) -- Los t.X-XI son los 2 v. del "Lexique de la langue"